Logo BPK

Biblioteka

Politechniki Koszalińskiej

Microsoft Windows 2000 Internet Information Services 5.0 : (Rekord nr 43368)

Szczegóły MARC
000 -ETYKIETA REKORDU
podpole kontrolne o stałej długości 01117nam a2200289 i 4500
001 - NUMER KONTROLNY REKORDU
pole kontrolne bg
020 ## - MIĘDZYNARODOWY ZNORMALIZOWANY NUMER KSIĄŻKI - ISBN
ISBN 8388440136
040 ## - ŹRÓDŁO KATALOGOWANIA
Instytucja, która utworzyła rekord BPK
041 1# - KOD JĘZYKA
Kod języka tekstu pol
Kod języka oryginału eng
080 ## - UNIWERSALNA KLASYFIKACJA DZIESIĘTNA - UKD
UKD 004.451:004.738.5](07)
920 ## - Międzynarodowy znormalizowany numer książki – ISBN
ISBN 83-88440-13-6
008 - POLE O STAŁEJ DŁUGOŚCI - DANE KONTROLNE
podpole kontrolne o stałej długości s pl f |000 0 pol
100 1# - NAZWA OSOBOWA
Nazwa osobowa STANEK, William R.
245 10 - TYTUŁ/ODPOWIEDZIALNOŚĆ
Tytuł Microsoft Windows 2000 Internet Information Services 5.0 :
Ciąg dalszy tytułu vademecum administratora /
Pozostałe elementy strefy tytułu i oznaczenia odpowiedzialności William R. Stanek ; [przekł. John Catlow].
246 ## - WARIANT TYTUŁU
Treść wyrażenia wprowadzającego Tyt. oryg.:
Tytuł Microsoft Windows 2000 and IIS 5.0
260 ## - STREFA ADRESU WYDAWNICZEGO
Miejsce wydania Warszawa :
Nazwa wydawcy/dystrybutora APN Promise,
Data publikacji, dystrybucji/powstania dokumentu 2001.
300 ## - STREFA OPISU FIZYCZNEGO
Objętość XIV, 385 s. :
Inne cechy fizyczne il. ;
Rozmiary 20 cm.
500 ## - UWAGI OGÓLNE
Tekst uwagi Tyt. oryg.: "Microsoft Windows 2000 and IIS 5.0" 2000. Na okł. podtyt.: podręczny poradnik administratora w codziennej pracy przy IIS i Indexing Services : zbiór instrukcji, opisy funkcji i składników IIS.
504 ## - UWAGA DOTYCZĄCA BIBLIOGRAFII
Informacje o bibliografii Indeks.
521 ## - UWAGA DOTYCZĄCA PRZEZNACZENIA CZYTELNICZEGO
Przeznaczenie czytelnicze IT professional.
650 #9 - HASŁO PRZEDMIOTOWE W FORMIE NAZWY OGÓLNEJ LUB JEDNOSTKOWEJ
Nazwa ogólna lub geograficzna Internet
650 #9 - HASŁO PRZEDMIOTOWE W FORMIE NAZWY OGÓLNEJ LUB JEDNOSTKOWEJ
Nazwa ogólna lub geograficzna Windows 2000 Server
655 ## - TERMIN INDEKSOWY - OKREŚLENIE RODZAJU/FORMY DOKUMENTU
Określenie rodzaju/formy dokumentu Podręczniki
700 1# - HASŁO DODATKOWE - NAZWA OSOBOWA
Nazwa osobowa CATLOW, John.
Określenie związku między hasłem a opisywanym materiałem Tł.
856 ## - LOKALIZACJA I DOSTĘP DO ELEKTRONICZNYCH DOKUMENTÓW ZDALNYCH
Link (URL) http://koha.tu.koszalin.pl/cgi-bin/koha/opac-detail.pl?biblionumber=43368
Tekst linku Katalog online BPK
942 ## - DODATKOWE ELEMENTY (KOHA)
Typ dokumentu Książka
Egzemplarze
Wycofany Status egzemplarza Uszkodzony Dostępność Lokalizacja stała Lokalizacja bieżąca Miejsce przechowywania Sygnatura Kod kreskowy Typ dokumentu
      Dostępny Biblioteka Politechniki Koszalińskiej Biblioteka Politechniki Koszalińskiej Wypożyczalnia BG 68813 02010861 Książka
© 2023 Biblioteka Politechniki Koszalińskiej :: KOHA